Mobile Technologies in Libraries (Record no. 43609)

MARC details
000 -LEADER
fixed length control field 00546nam a22001817a 4500
005 - DATE AND TIME OF LATEST TRANSACTION
control field 20250416150251.0
008 - FIXED-LENGTH DATA ELEMENTS--GENERAL INFORMATION
fixed length control field 250409b |||||||| |||| 00| 0 eng d
020 ## - INTERNATIONAL STANDARD BOOK NUMBER
International Standard Book Number 9781787151031
041 ## - LANGUAGE CODE
Language code of text/sound track or separate title eng
082 ## - DEWEY DECIMAL CLASSIFICATION NUMBER
Classification number 025.0422 THO
100 ## - MAIN ENTRY--PERSONAL NAME
Author Thomas, Jimmy
245 ## - TITLE STATEMENT
Title Mobile Technologies in Libraries
260 ## - PUBLICATION, DISTRIBUTION, ETC.
Place UK
Publisher Kruger Brentt Publisher Uk. Ltd.,
Publication Year 2023
300 ## - PHYSICAL DESCRIPTION
Extent 335; pages 25 cm
650 ## - SUBJECT ADDED ENTRY--TOPICAL TERM
Subject Mobile Communication Systems ; Library Applications; Libraries Information Technology.
700 ## - ADDED ENTRY--PERSONAL NAME
Co-Author Tremblay, Nicholas
942 ## - ADDED ENTRY ELEMENTS (KOHA)
Koha item type Books
Holdings
Withdrawn status Lost status Source of classification or shelving scheme Damaged status Not for loan Home library Current library Shelving location Accession Date Vendor Price Bill number Full call number Barcode No Date last seen Discount Bill Date Koha item type Suggested By
    Dewey Decimal Classification     IMTN IMTN Rack 2-B 03/28/2025 Raghav Books Private Limited 9905.70 2374 025.0422 THO 33866 04/09/2025 33 02/14/2025 Books Dr Mantha Raghu (Head Librarian)
Designed & Maintained by: LRC IMT Nagpur Contact: lrc@imtnag.ac.in© 2024. All Rights Reserved.